Proyecto El Coco-San Ramon : estudios complementarios
Guardado en:
| Institution som forfatter: | |
|---|---|
| Format: | Bog |
| Udgivet: |
1965
|
| Fag: | |
| Tags: |
Tilføj Tag
Ingen Tags, Vær først til at tagge denne postø!
|
MARC
| LEADER | 00000nam a2200000Ia 4500 | ||
|---|---|---|---|
| 003 | 000530 | ||
| 005 | 20221231143959.0 | ||
| 008 | 140114s1965 c a 000 ||s d | ||
| 040 | |c cru CEDI | ||
| 082 | |a 625.7 C8375ps | ||
| 110 | |9 18322 |a Costa Rica. Ministerio de Transportes. Departamento de Planificación | ||
| 245 | |a Proyecto El Coco-San Ramon : estudios complementarios | ||
| 260 | |c 1965 | ||
| 300 | |a 49 páginas : ilustraciones ; 27 cm. | ||
| 650 | |x CARRETERAS - COSTA RICA |9 18882 | ||
| 942 | |2 ddc | ||
| 999 | |c 15143 |d 15143 | ||
